000 nam a22 7a 4500
999 _c8211
_d8211
008 171212b xxu||||| |||| 00| 0 eng d
100 _aLevitin.S.
_94639
245 _aThe Man who kept his Henrt in a Bucket
260 _aUSA
_c1994